CORNUCOPIA DE MEXICO /

Сохранить в:
Библиографические подробности
Главный автор: Moreno Villa, José (autor)
Формат:
Редактирование:3a edición
Серии:SEPSETENTAS ; 284
Предметы:
Метки: Добавить метку
Нет меток, Требуется 1-ая метка записи!

MARC

LEADER 00000nam^a2200000^a^4500
001 000241991
005 20250521000000.0
009 20260310105237.515
035 |a 064916 
037 |a Acervo Xavier Clavigero 
082 |a 917. 2  |b MOR 
100 |a Moreno Villa, José  |e (autor) 
245 1 0 |a CORNUCOPIA DE MEXICO /  |c JOSE MORENO VILLA 
250 |a 3a edición 
264 |a MEXICO :  |b SEP,  |c 1976 
300 |a 214 p. 
336 |a texto  |b txt  |2 rdacontenido 
337 |a sin mediación  |b n  |2 rdamedio 
338 |a volumen  |b nc  |2 rdasoporte 
440 |a SEPSETENTAS ;  |v 284 
649 |a XX 
650 |a México -  |x Descripción 
650 |a Identidad Nacional -  |z México 
910 |a Fondo General 
920 |a Impresos - Libros 
930 |a Colección General 
905 |a 101 
901 |a 064916  |b IT1  |c ACC  |i 064916  |u 20250521 
902 |a https://opac.biblio.iteso.mx/vufind/Record/000241991